000 01725nam a2200397 a 4500
001 000003242
003 DO-SdBPM
005 20260213115500.0
007 ta
008 090707s2008 dr c 001 0 spa d
020 _a9789993427124
040 _aDO-SdBPM
_bspa
_cBPMSU
_drda
049 _a
082 4 _a972.93054
_bR696a 2008
_222
100 1 _aRodríguez Demorizi, Emilio,
_d1908-1986
245 1 0 _aArchivos de Ramfis Trujillo :
_blos sucesos entre 1965 y 1969 /
_cEmilio Rodríguez Demorizi ; editor Bernardo Vega ; prólogo Clara Rodríguez Demorizi.
260 _c
264 _aSanto Domingo :
_bFundación Rodríguez Demorizi :
_bFundación Cultura Dominicana,
_c2008
300 _a131 páginas :
_bretratos. ;
_c23 cm.
336 _atexto
_btxt
_2rdacontent
337 _asin mediación
_bn
_2rdamedia
338 _avolumen
_bnc
_2rdacarrier
500 _aIncluye referencias bibliográficas y notas al pie de las páginas
500 _aIncluye índice onomástico
500 _aIncluye datos biográficos del autor y del editor en las solapas de la cubierta
504 _aBibliografía : páginas 117 - 122
505 2 _aLa guerra civíl de 1965 -- La campaña electoral y la victoria de Joaquín Balaguer en 1966 -- Los problemas familiares de los Trujillo.
590 _aInventariado, 2026/M
600 1 7 _aTrujillo Martínez, Rafael Leónidas ,
_c(Ramfis),
_d1929-1969
_vCorrespondencias, memorias, etc
651 7 _aRepública Dominicana
_xHistoria
_y1961-
_xFuentes
651 7 _aRepública Dominicana
_xPolítica y gobierno
700 1 _aRodríguez Demorizi, Clara,
_eprólogo
700 1 _aVega, Bernardo,
_d1938 -
_eeditor
910 _aVMateo V. Control de calidad BPMSU
942 _2ddc
_cBK
999 _c15694
_d15694